| 000 | 00526nam a22001817a 4500 | ||
|---|---|---|---|
| 003 | BD-DhUIB | ||
| 005 | 20260602144247.0 | ||
| 008 | 260602b |||||||| |||| 00| 0 eng d | ||
| 020 | _a9780198292715 | ||
| 040 |
_aBD-DhUIB _cBD-DhUIB |
||
| 082 | _222 | ||
| 100 |
_aSuguhara, Kaoru. _91129 |
||
| 245 |
_aJapan China and the growth of the Asian international economy 1850-1949/ _cby Kaoru Sugihara. |
||
| 260 |
_aNew Delhi : _bRead Japan project , |
||
| 300 |
_axii, 295p. : _billus. ; _c23cm. |
||
| 526 | _aMBA | ||
| 942 |
_2ddc _cBK |
||
| 999 |
_c719 _d719 |
||